<?xml version="1.0" encoding="UTF-8"?><?xml-stylesheet type="text/xsl" href="static/style.xsl"?><OAI-PMH xmlns="http://www.openarchives.org/OAI/2.0/" xmlns:xsi="http://www.w3.org/2001/XMLSchema-instance" xsi:schemaLocation="http://www.openarchives.org/OAI/2.0/ http://www.openarchives.org/OAI/2.0/OAI-PMH.xsd"><responseDate>2026-04-29T06:16:04Z</responseDate><request verb="GetRecord" identifier="oai:repisalud.isciii.es:20.500.12105/23306" metadataPrefix="marc">https://repisalud.isciii.es/rest/oai/request</request><GetRecord><record><header><identifier>oai:repisalud.isciii.es:20.500.12105/23306</identifier><datestamp>2024-11-28T21:20:13Z</datestamp><setSpec>com_20.500.12105_15322</setSpec><setSpec>com_20.500.12105_2051</setSpec><setSpec>col_20.500.12105_16967</setSpec></header><metadata><record xmlns="http://www.loc.gov/MARC21/slim" xmlns:dcterms="http://purl.org/dc/terms/" xmlns:doc="http://www.lyncode.com/xoai" xmlns:xsi="http://www.w3.org/2001/XMLSchema-instance" xsi:schemaLocation="http://www.loc.gov/MARC21/slim http://www.loc.gov/standards/marcxml/schema/MARC21slim.xsd">
   <leader>00925njm 22002777a 4500</leader>
   <datafield ind2=" " ind1=" " tag="042">
      <subfield code="a">dc</subfield>
   </datafield>
   <datafield ind2=" " ind1=" " tag="720">
      <subfield code="a">Pastor, Rosario</subfield>
      <subfield code="e">author</subfield>
   </datafield>
   <datafield ind2=" " ind1=" " tag="720">
      <subfield code="a">Pinilla, Noemi</subfield>
      <subfield code="e">author</subfield>
   </datafield>
   <datafield ind2=" " ind1=" " tag="720">
      <subfield code="a">Tur, Josep A</subfield>
      <subfield code="e">author</subfield>
   </datafield>
   <datafield ind2=" " ind1=" " tag="260">
      <subfield code="c">2021-02</subfield>
   </datafield>
   <datafield ind2=" " ind1=" " tag="520">
      <subfield code="a">Background: Adoption of a certain dietary pattern is determined by different factors such as taste, cost, convenience, and nutritional value of food. Objective: To assess the association between the daily cost of a diet and its overall quality in a cohort of 6-12-year-old Spanish schoolchildren. Methods: A cross-sectional survey was conducted on a cohort (n = 130; 47% female) of 6-12-year-old children schooled in primary education in the central region of Spain. Three-day 24 h records were administered, and the nutritional quality of the diet was also determined by means of Mediterranean Adequacy Index (MAI). A questionnaire on sociodemographic data, frequency of eating in fast-food restaurants, and supplement intake were also recorded. The person responsible for the child's diet and the schooler himself completed the questionnaires, and homemade measures were used to estimate the size of the portions. Food prices were obtained from the Household Consumption Database of the Spanish Ministry of Agriculture, Fisheries and Food. The economic cost of the diet was calculated by multiplying the amount in grams of the food consumed by each child by the corresponding price in grams and adding up the total amount for each participant. The total economic cost of the diet was calculated in euro/day and in euro/1000 kcal/day. Results: The area under the curve (AUC) for euro/day and euro/1000 kcal/day represent 62.6% and 65.6%, respectively. According to AUC values, adherence to Mediterranean diet (MD) is a moderate predictor of the monetary cost of the diet. A direct relationship between the cost of the diet and the adherence to MD was observed [OR (euro/1000 kcal/day) = 3.012; CI (95%): 1.291; 7.026; p = 0.011]. Conclusions: In a cohort of Spanish schoolchildren with low adherence to the MD, a higher cost of the diet standardized to 1000 kcal was associated with above-average MAI values.</subfield>
   </datafield>
   <datafield ind1="8" ind2=" " tag="024">
      <subfield code="a">Pastor R, Pinilla N, Tur JA. The Economic Cost of Diet and Its Association with Adherence to the Mediterranean Diet in a Cohort of Spanish Primary Schoolchildren. Int J Environ Res Public Health. 2021 Feb;18(3):1282.</subfield>
   </datafield>
   <datafield ind1="8" ind2=" " tag="024">
      <subfield code="a">http://hdl.handle.net/20.500.13003/8887</subfield>
   </datafield>
   <datafield ind1="8" ind2=" " tag="024">
      <subfield code="a">https://hdl.handle.net/20.500.12105/23306</subfield>
   </datafield>
   <datafield ind1="8" ind2=" " tag="024">
      <subfield code="a">33572671</subfield>
   </datafield>
   <datafield ind1="8" ind2=" " tag="024">
      <subfield code="a">10.3390/ijerph18031282</subfield>
   </datafield>
   <datafield ind1="8" ind2=" " tag="024">
      <subfield code="a">1660-4601</subfield>
   </datafield>
   <datafield ind1="8" ind2=" " tag="024">
      <subfield code="a">International Journal of Environmental Research and Public Health</subfield>
   </datafield>
   <datafield ind1="8" ind2=" " tag="024">
      <subfield code="a">2-s2.0-85100019953</subfield>
   </datafield>
   <datafield ind1="8" ind2=" " tag="024">
      <subfield code="a">615141400001</subfield>
   </datafield>
   <datafield ind1="8" ind2=" " tag="024">
      <subfield code="a">L2005917391</subfield>
   </datafield>
   <datafield tag="653" ind2=" " ind1=" ">
      <subfield code="a">Diet quality</subfield>
   </datafield>
   <datafield tag="653" ind2=" " ind1=" ">
      <subfield code="a">Mediterranean diet</subfield>
   </datafield>
   <datafield tag="653" ind2=" " ind1=" ">
      <subfield code="a">Mediterranean Adequacy Index</subfield>
   </datafield>
   <datafield tag="653" ind2=" " ind1=" ">
      <subfield code="a">Monetary cost</subfield>
   </datafield>
   <datafield ind2="0" ind1="0" tag="245">
      <subfield code="a">The Economic Cost of Diet and Its Association with Adherence to the Mediterranean Diet in a Cohort of Spanish Primary Schoolchildren</subfield>
   </datafield>
</record></metadata></record></GetRecord></OAI-PMH>